Iṣṭilāḥāt ʻArabīyah li-fann al-taṣwīr : mabḥath ulqiya fī al-Majmaʻ al-ʻIlmī al-Miṣrī fī jalsah ʻalanīyah al-sābiʻ ʻashar min shahr Māyū sanat 1948 /

محفوظ في:

المؤلف الرئيسي: Fāris, Bishr (مؤلف)

التنسيق: كتاب

اللغة: Arabic

منشور في: al-Qāhirah : Maṭbaʻat al-Maʻhad al-ʻIlmī al-Faransī lil-Āthār al-Sharqīyah, 1948.

الموضوعات:

الوسوم: إضافة وسم

لا توجد وسوم, كن أول من يضع وسما على هذه التسجيلة!

رقم الطلب: ( P )PJ7833 .F22 I8 1948

LEADER 01278nam a2200229Ia 4500
003 OSt
005 20240627063926.0
008 130303s1948 ua d 000 0 ara d
952 |0 0  |1 0  |2 lcc  |4 0  |7 1  |9 30722  |a ARCE  |b ARCE  |d 2022-01-25  |l 0  |o ( P )PJ7833 .F22 I8 1948  |p 1025730  |r 2022-01-25 00:00:00  |w 2022-01-25  |y PT 
999 |c 29312  |d 29312 
040 |c ARCE Library 
050 4 |a ( P )PJ7833 .F22 I8 1948 
100 1 |6 880-01  |a Fāris, Bishr,  |e author 
245 1 0 |6 880-02  |a Iṣṭilāḥāt ʻArabīyah li-fann al-taṣwīr :   |b mabḥath ulqiya fī al-Majmaʻ al-ʻIlmī al-Miṣrī fī jalsah ʻalanīyah al-sābiʻ ʻashar min shahr Māyū sanat 1948 /   |c Bishr Fāris.  
264 1 |a al-Qāhirah :   |b Maṭbaʻat al-Maʻhad al-ʻIlmī al-Faransī lil-Āthār al-Sharqīyah,   |c 1948.  
300 |a 15 pages ;  |c 24 cm. 
500 |a Added title page : Lexique francais-arabe renfermant certains termes techniques relatifs aux arts figurés. 
650 0 |a Art  |v Dictionaries  |x Arabic. 
880 1 |6 100-01/(3/r  |a فارس، بشر 
880 1 0 |6 245-02/(3/r  |a إصطلاحات عربية لفن التصوير :   |b مبحث ألقي في المجمع العلمي المصري في جلسة علنية السابع عشر من شهر مايو 1948   |c بشر فارس 
901 |a reviewed 
942 |c BK  |2 lcc